00000000nam##2200000za#4500
0019.584607
003CaOODSP
00520210624193209
007cr |||||||||||
008150406|2011||||xxc|||||o    f|0| 0 eng|d
020 |a978-1-100-50883-2
022 |a1915-8858
040 |aCaOODSP|beng
041 |aeng
041 |afre
043 |an-cn---
0861 |aM116-2/021G02-PDF
1101 |aCanada.|bNatural Resources Canada. |bCentre for Topographic Information.
24510|aSt George, Charlotte County, New Brunswick |h[electronic resource]
250 |aEd. 04, version 00
255 |aScale 1:50,000
260 |aOttawa - Ontario : |bNatural Resources Canada. |c2011.
300 |a1p.
4901 |aCanadian topographic maps |x1915-8858|v21-G/2
500 |aSeries A791. Includes a legend.
590 |a14-07-Supp|b2014-04-03
792 |tSt George, Charlotte County, Nouveau-Brunswick |efre|w(CaOODSP)9.584608
830#0|aCanadian topographic maps,|x1915-8858|v21-G/2|w(CaOODSP)9.500293
85640|ahttp://publications.gc.ca|qPDF|s4.68 KB|uhttps://publications.gc.ca/collections/collection_2014/rncan-nrcan/M116-2-021G02.pdf|y21-G/2